000 00388 a2200133 4500
000 nam a22 7a 4500
100 _aविजय गर्ग
110 _aविजय गर्ग
245 _aत्वरित संशोधन रीजनिंग
250 _aLatest edition
260 _bShivalik Prakashan
_c2026
264 _bShivalik Prakashan
_c2026
942 _cBK
999 _c396643
_d396643